|
|
|
|
| LEADER |
00000nam a22000007a 4500 |
| 001 |
12463094 |
| 003 |
Ucuenca |
| 005 |
20230308224735.0 |
| 008 |
170127b2012 xxu||||| |||| 00| 0 spa d |
| 020 |
|
|
|a 9788492810437
|
| 040 |
|
|
|b spa
|
| 041 |
1 |
|
|a spa
|
| 082 |
0 |
|
|a 391.65
|
| 100 |
1 |
|
|a Arreaza R., Aymara.
|9 184425
|
| 245 |
|
|
|a Tatoo magic
|b la magia del tatuaje
|c Aymara Arreaza
|h imp
|
| 264 |
|
|
|a Barcelona
|b Promopress
|c 2012
|
| 300 |
|
|
|a 191 páginas:
|b ilu
|c 21.5 cm
|
| 650 |
|
0 |
|9 83969
|a Tatuajes
|
| 650 |
|
0 |
|a Magia del tatuaje
|9 188056
|
| 650 |
|
0 |
|9 3134
|a Tatuajes estéticos
|
| 942 |
|
|
|c BK
|z jaime.terreros@ucuenca.edu.ec
|
| 999 |
|
|
|c 150109
|d 150109
|